Central and eastern Europe in world economy./ (Record no. 111611)

MARC details
000 -LEADER
fixed length control field 00493nam a22001697a 4500
003 - CONTROL NUMBER IDENTIFIER
control field BD-ChCU
005 - DATE AND TIME OF LATEST TRANSACTION
control field 20260216095135.0
008 - FIXED-LENGTH DATA ELEMENTS--GENERAL INFORMATION
fixed length control field 260216b bg ||||| |||| 00| 0 ben d
040 ## - CATALOGING SOURCE
Transcribing agency BD-ChCU
082 ## - DEWEY DECIMAL CLASSIFICATION NUMBER
Classification number 330.94 TEC
100 ## - MAIN ENTRY--PERSONAL NAME
Personal name Tennenbaum , Henryk .
9 (RLIN) 20326
245 ## - TITLE STATEMENT
Title Central and eastern Europe in world economy./
Statement of responsibility, etc. Henryk, Tennenbaum.
260 ## - PUBLICATION, DISTRIBUTION, ETC.
Place of publication, distribution, etc. London :
Name of publisher, distributor, etc. Barnard & Westwood,
Date of publication, distribution, etc. C 1944
300 ## - PHYSICAL DESCRIPTION
Extent 191p
650 #0 - SUBJECT ADDED ENTRY--TOPICAL TERM
Topical term or geographic name entry element Europe - Economic Conditions.
9 (RLIN) 20329
942 ## - ADDED ENTRY ELEMENTS (KOHA)
Source of classification or shelving scheme Dewey Decimal Classification
Koha item type Books
Suppress in OPAC No
Holdings
Withdrawn status Lost status Source of classification or shelving scheme Damaged status Not for loan Home library Current library Shelving location Date acquired Source of acquisition Total Checkouts Full call number Barcode Date last seen Copy number Price effective from Koha item type
    Dewey Decimal Classification     Chittagong University Library Chittagong University Library Business and Social Science Reading Room 16/02/2026 Purchase   330.94 TEC 14449 16/02/2026 C-1 16/02/2026 Books
© Copyright 2026. Chittagong University Library, Installation and Maintenance by Prof. Dr. Md. Alamgir, 01711306253